| 000 | 00548nam a22001817a 4500 | ||
|---|---|---|---|
| 003 | CEME | ||
| 005 | 20210628204849.0 | ||
| 008 | 210222b xxu||||| |||| 00| 0 eng d | ||
| 020 | _a0-201-48995-3 | ||
| 040 | _c. | ||
| 082 | _a005.44 BRD'W | ||
| 100 |
_aBrown, Bruce _972647 |
||
| 245 | _aThe windows 95 bug collection fixes and work arounds for nearly 1000 pesky problems when running windows 95 | ||
| 260 |
_aNEWYORK _bADDISON WESLEY _c1996 |
||
| 300 | _a8-32P | ||
| 650 |
_aOPERATING SYSTEMS MICROSOFT WINDOWS 95 _972648 |
||
| 942 |
_cBK _2ddc |
||
| 999 |
_c578649 _d578649 |
||